Typing Challenge: 100 Chinese New Year Words Quiz Stats

 Plays Quiz Updated Feb 16, 2018

Challenge
Share
Tweet
Embed
Score 0/100 Timer 03:00
2 Plays Today
Hint ↓ Type here! ↓ % Correct
????
100%
????
98.1%
????
97.5%
????
96.7%
????
96%
????
95.4%
????
94.8%
????
94.2%
????
93.7%
????
93.1%
????
92.7%
????
92.4%
????
92.3%
????
92.1%
????
91.9%
????
91.7%
????
91.6%
????
91.4%
????
91.3%
????
91.2%
????
91%
????
90.8%
????
90.7%
????
90.6%
????
90.5%
????
90.1%
????
89.9%
????
89.8%
????
89.7%
????
89.6%
????
89.5%
????
89.4%
????
89.3%
????
89.2%
Hint ↓ Type here! ↓ % Correct
????
89.1%
????
89%
????
88.8%
????
88.7%
????
88.6%
????
88.5%
????
88.3%
????
88.2%
????
88%
????
87.8%
????
87.6%
????
87.4%
????
87.2%
????
87%
????
86.7%
????
86.5%
????
86.2%
????
85.8%
????
85.6%
????
85.2%
????
84.9%
????
84.5%
????
84.1%
????
83.8%
????
83.2%
????
82.7%
????
82%
????
81.5%
????
81%
????
80.6%
????
80.1%
????
79.4%
????
78.7%
????
78.2%
Hint ↓ Type here! ↓ % Correct
????
77.5%
????
76.7%
????
76.1%
????
75.3%
????
74.3%
????
73.5%
????
72.5%
????
71.4%
????
70.5%
????
69.5%
????
68.5%
????
67.6%
????
66.1%
????
65%
????
63.8%
????
62.6%
????
61.4%
????
59.8%
????
58.4%
????
57%
????
55.6%
????
54.1%
????
52.6%
????
50.4%
????
48.8%
????
46.8%
????
44.8%
????
43%
????
41%
????
38.3%
????
36.1%
????
34.4%

You're not logged in!

Compare scores with friends on all Sporcle quizzes.
OR
Log In

You Might Also Like...

Show Comments

Extras

Top Quizzes Today


Score Distribution

Your Account Isn't Verified!

In order to create a playlist on Sporcle, you need to verify the email address you used during registration. Go to your Sporcle Settings to finish the process.

Report this User

Report this user for behavior that violates our Community Guidelines.

Details: